The mummy : unwrap the ancient secrets of the mummies' tombs /
Saved in:
Main Author:
Format: Book
Language: English
Published:
New York :
Barnes & Noble,
2002.
Subjects:
Tags: Add Tag
No Tags, Be the first to tag this record!
Call Number: On Hold
| LEADER | 00627nam a22001937a 4500 | ||
|---|---|---|---|
| 003 | OSt | ||
| 005 | 20260512084006.0 | ||
| 008 | 260512t19992002u ao |||||||||| ||eng|| | ||
| 020 | |a 9780760732403 | ||
| 050 | 1 | 4 | |a On Hold |
| 100 | 1 | |a Joyce A. Tyldesley |d author | |
| 245 | 1 | 0 | |a The mummy : |b unwrap the ancient secrets of the mummies' tombs / |c Joyce A. Tyldesley. |
| 264 | 1 | |a New York : |b Barnes & Noble, |c 2002. | |
| 300 | |a 128 Page : |b illustrations (some color) ; |c 29 cm. | ||
| 650 | 4 | |a Funeral rites and ceremonies | |
| 650 | 4 | |a Funeral rites and ceremonies Egypt | |
| 650 | 4 | |a Mummies Egypt | |
| 942 | |2 lcc |c BK | ||
| 999 | |c 60946 |d 60946 | ||
